Сделка с дявола (Запис номер 511678)
[ съкратено ]
| 000 -Лидер | |
|---|---|
| Лидер | 01151nam a2200289 a 4500 |
| 003 - Код на организацията, давaща контролен номер | |
| Код на организацията, даваща контролен номер | BLK |
| 005 - Дата и час на последна редакция | |
| Дата и час на последна редакция | 20250718163230.0 |
| 008 - Елементи от данни с фиксирана дължина | |
| Елементи с фиксирана дължина | 180408b bul|||||r ||||||| ||bul|| |
| 020 ## - Международен стандартен номер на книга ISBN | |
| ISBN | 9786190302698 |
| 040 ## - Източник на каталожния запис | |
| Код на библиотеката | BLK |
| 041 ## - Код за език | |
| Език | Български |
| Език за КДБФ | Български |
| 080 ## - УДК | |
| УДК текст | Ирландска литература (на Ейре) на английски език (вж и 821.152.1) |
| УДК код | 821.111(417) |
| УДК – определител | -31 |
| УДК – код + определител | 821.111(417)-31 |
| 084 ## - Класификационен индекс по друга класификация | |
| Авторски знак | Оро - О 72 |
| 100 ## - Редна дума - Автор | |
| Автор | О`Роарк, Елизабет |
| R(LIN) | 492910 |
| 245 10 - Сведения за заглавието | |
| Заглавие | Сделка с дявола |
| Подзаглавни данни | роман |
| Авторска отговорност | Елизабет О`Роарк ; прев. Милена Илиева. |
| 260 ## - Област на издателските данни | |
| Място на издаване | София |
| Име на издателя | Бард |
| Година на издаване | 2024 |
| Издателство - префикс ISBN | 978-954-655- ; 978-954-585- ; 978-954-584- |
| Печатница | София : Алианс Принт |
| 9 (RLIN) | 209457 |
| 300 ## - Физическа характеристика | |
| Брой страници | 320 с. |
| Размер | 21 см |
| 380 ## - Жанр | |
| Жанр | Худож. лит. |
| 500 ## - Общи забележки | |
| Обща забележка | Ориг. загл.: A deal with the devil / Elizabeth O'Roark |
| 700 ## - Други автори (авторска отговорност) | |
| Друг автор | Илиева, Милена Мичева |
| 9 (RLIN) | 347914 |
| 852 ## - Местоположение | |
| Отдел | Заемна - подръчен фонд |
| Систематично-азбучна сигнатура | 821-31/О-72 Е |
| 852 ## - Местоположение | |
| Сигнатура (форматна) | Цб 323977 |
| Отдел | Хранилище |
| 942 ## - АРТИКУЛИ | |
| Вид на библиотечния документ | Книги |
| Скрит в OPAC | Не |
| Периодичен библиозапис | Да |
| Koha issues (borrowed), all copies | 20 |
| 944 ## - СЪЗДАВАНЕ И РЕДАКЦИЯ на ЗАПИСА | |
| Дата на регистрацията/редакция | Нора Радева |
| Служител, извършил регистрацията/редакцията | 30558 |
| Номер на служител | Валя Йорданова |
| 999 ## - СИСТЕМНИ КОНТРОЛНИ НОМЕРА | |
| Koha biblionumber | 511678 |
| Koha biblioitemnumber | 511678 |
| 999 ## - СИСТЕМНИ КОНТРОЛНИ НОМЕРА | |
| Koha biblioitemnumber | 511678 |
| Код за отписване | Код за изгубен артикул | Източник на класификационната схема | Код за повреда | Код за отдаване | Артикулен № | Име на библиотеката - собственик | Име на библиотеката, в която се намира в момента | Статус (Текущо местоположение) | Дата на вписване в системата | Местоположение - отдел | Цена в лева | Инвентарен номер | Систематично азбучна сигнатура | Баркод | Цена в евро | Служебен тип на артикула | Коз за рестрикции |
|---|---|---|---|---|---|---|---|---|---|---|---|---|---|---|---|---|---|
| Не е изгубен | Universal Decimal Classification | Не е повреден | заемане за дома | 944026 | Регионална библиотека "Любен Каравелов" Русе | Регионална библиотека "Любен Каравелов" Русе | Заемна - подръчен фонд | 2024-06-11 | Заемна - подръчен фонд | 12.47 | 120000909137 | 821-31/О-72 Е | 120000909137 | 6.38 | Книги | ||
| Не е изгубен | Universal Decimal Classification | Не е повреден | заемане за дома | 944027 | Регионална библиотека "Любен Каравелов" Русе | Регионална библиотека "Любен Каравелов" Русе | Заемна - подръчен фонд | 2024-06-11 | Заемна - подръчен фонд | 12.47 | 120000909136 | 821-31/О-72 Е | 120000909136 | 6.38 | Книги | ||
| Не е изгубен | Universal Decimal Classification | Не е повреден | ползва се в читалня | 948262 | Регионална библиотека "Любен Каравелов" Русе | Регионална библиотека "Любен Каравелов" Русе | Хранилище | 2024-09-10 | Хранилище | 19.99 | 120000911566 | Цб 323977 | 120000911566 | 10.22 | Книги | само за читалня | |
| Не е изгубен | Universal Decimal Classification | Не е повреден | заемане за дома | 954390 | Регионална библиотека "Любен Каравелов" Русе | Регионална библиотека "Любен Каравелов" Русе | Заемна - подръчен фонд | 2024-11-08 | Заемна - подръчен фонд | 19.99 | 120000915069 | 821-31/О-72 Е | 120000915069 | 10.22 | Книги |